[Event "Pontevedra op-B 6th"]
[Site "Pontevedra"]
[Date "2018.08.10"]
[Round "4"]
[White "Ferreiro Solla, Pablo"]
[Black "Llaneza Mendez, Javier"]
[Result "1/2-1/2"]
[WhiteElo "1820"]
[BlackElo "1925"]
[PlyCount "58"]
[EventDate "2018.08.08"]
[EventType "swiss"]
[EventRounds "9"]
[EventCountry "ESP"]
[SourceTitle "CBM 186 Extra"]
[Source "ChessBase"]
[SourceDate "2018.08.24"]
[SourceVersion "1"]
[SourceVersionDate "2018.08.24"]
[SourceQuality "1"]

1. e4 e5 2. Nf3 Nc6 3. Bb5 a6 4. Ba4 Nf6 5. d3 b5 6. Bb3 Be7 7. 0-0 d6 8. c3 0-0 9. Re1 Na5 10. Bc2 c5 11. Nbd2 Nc6 12. Nf1 Qc7 13. Bg5 Be6 14. Ne3 Ng4 15. Nd5 Bxd5 16. exd5 Nb8 17. d4 c4 18. dxe5 Nxe5 19. Bxe7 Qxe7 20. Nxe5 dxe5 21. Qh5 g6 22. Qxe5 Qxe5 23. Rxe5 Nd7 24. Re7 Nf6 25. Rd1 Rfd8 26. d6 Kf8 27. f3 Ne8 28. Kf2 Nxd6 29. Re5 Ra7 1/2-1/2

[Event "Sanxenxo Carlos op 9th"]
[Site "Sanxenxo"]
[Date "2017.06.17"]
[Round "1"]
[White "Portela Peleteiro, Alberto"]
[Black "Llaneza Mendez, Javier"]
[Result "1-0"]
[WhiteElo "2385"]
[BlackElo "1795"]
[PlyCount "69"]
[EventDate "2017.06.17"]
[EventType "swiss"]
[EventRounds "9"]
[EventCountry "ESP"]
[SourceTitle "CBM 179 Extra"]
[Source "ChessBase"]
[SourceDate "2017.08.23"]
[SourceVersion "1"]
[SourceVersionDate "2017.08.23"]
[SourceQuality "1"]

1. e4 e5 2. Bc4 Nc6 3. Nc3 Nf6 4. d3 d6 5. f4 Be6 6. f5 Bxc4 7. dxc4 Nd4 8. Nf3 c5 9. Bg5 Be7 10. Bxf6 Bxf6 11. Nd5 Qd7 12. c3 Nxf3+ 13. Qxf3 h6 14. b3 0-0-0 15. 0-0 Rdg8 16. Rad1 Bd8 17. Rd3 h5 18. f6 g5 19. Ne3 Rg6 20. Qd1 Bc7 21. b4 cxb4 22. cxb4 Qe6 23. Nd5 Kb8 24. Qa4 Bb6+ 25. Nxb6 axb6 26. Qb5 Kc7 27. c5 dxc5 28. bxc5 Qc6 29. cxb6+ Qxb6+ 30. Qxb6+ Kxb6 31. Rd7 Kc6 32. Rxf7 Ra8 33. Rc1+ Kd6 34. Rxb7 Rxa2 35. Rb6+ 1-0

[Event "ESP-ch U16"]
[Site "Salobrena"]
[Date "2015.07.21"]
[Round "3"]
[White "Gonzalez Capacete, Jose Miguel"]
[Black "Llaneza Mendez, Javier"]
[Result "1-0"]
[WhiteElo "1977"]
[BlackElo "1747"]
[PlyCount "103"]
[EventDate "2015.07.20"]
[EventType "swiss"]
[EventRounds "9"]
[EventCountry "ESP"]
[SourceTitle "EXT 2016"]
[Source "ChessBase"]
[SourceDate "2015.10.08"]
[SourceVersion "1"]
[SourceVersionDate "2015.10.08"]
[SourceQuality "1"]

1. e4 e5 2. Nf3 Nc6 3. Bb5 a6 4. Ba4 Nf6 5. 0-0 b5 6. Bb3 Be7 7. Re1 0-0 8. d4 d6 9. c3 Bg4 10. Be3 Na5 11. dxe5 Bxf3 12. Qxf3 dxe5 13. Bc2 c5 14. Nd2 Qc7 15. Nf1 Nc4 16. Bc1 Rfd8 17. Ng3 Nd6 18. Be3 Rac8 19. a4 b4 20. cxb4 cxb4 21. Bb3 a5 22. Rad1 Qb7 23. Bg5 h6 24. Bxf6 Bxf6 25. Qg4 Rc5 26. Nh5 Qe7 27. Rd3 Kh8 28. Red1 g6 29. Ng3 Bg5 30. h3 Kh7 31. Bxf7 Qxf7 32. Rxd6 Rxd6 33. Rxd6 Rc2 34. Rd7 Be7 35. Nf5 gxf5 36. Qxf5+ Qxf5 37. exf5 Kg7 38. Rxe7+ Kf6 39. Ra7 Kxf5 40. Rxa5 Rxb2 41. Rb5 Rb1+ 42. Kh2 Ke4 43. a5 Kd4 44. a6 Kc4 45. Ra5 Rd1 46. a7 Rd8 47. a8Q Rxa8 48. Rxa8 b3 49. Rb8 Kc3 50. Kg3 h5 51. Kf3 e4+ 52. Kxe4 1-0

[Event "ESP-ch U16"]
[Site "Salobrena"]
[Date "2015.07.20"]
[Round "1"]
[White "Centron Antuna, Daniel"]
[Black "Llaneza Mendez, Javier"]
[Result "1-0"]
[WhiteElo "2113"]
[BlackElo "1747"]
[PlyCount "55"]
[EventDate "2015.07.20"]
[EventType "swiss"]
[EventRounds "9"]
[EventCountry "ESP"]
[SourceTitle "EXT 2016"]
[Source "ChessBase"]
[SourceDate "2015.10.08"]
[SourceVersion "1"]
[SourceVersionDate "2015.10.08"]
[SourceQuality "1"]

1. d4 d5 2. c4 e6 3. Nc3 Nf6 4. Nf3 c6 5. Bg5 Nbd7 6. e3 Qa5 7. Nd2 Bb4 8. Qc2 dxc4 9. Bxf6 Nxf6 10. Nxc4 Qg5 11. a3 Be7 12. h4 Qg6 13. e4 Nd7 14. h5 Qh6 15. Be2 0-0 16. Ne3 Nf6 17. g3 Rd8 18. 0-0-0 c5 19. dxc5 Rxd1+ 20. Rxd1 Bxc5 21. Rd8+ Bf8 22. Ncd1 g6 23. Rxc8 Rxc8 24. Qxc8 Nxe4 25. hxg6 Nxf2 26. gxf7+ Kg7 27. Qc3+ Kxf7 28. Nxf2 1-0